Language Quiz

Random Language Quiz

Frequently Misspelled Words Quiz Stats

 Plays Quiz not verified by Sporcle

Also try: Double B Words
Challenge
Share
Tweet
Embed
Score 0/60 Timer 05:00
0 Plays Today
Words % Correct
definitely
38.6%
misspell
29.5%
receive
18.2%
necessary
15.9%
weird
15.9%
believe
11.4%
suprise
11.4%
separate
9.1%
embarrass
6.8%
neighbor
6.8%
tomorrow
6.8%
accomplish
4.5%
calendar
4.5%
disappear
4.5%
library
4.5%
schedule
2.3%
absence
2.3%
accessible
2.3%
achieve
2.3%
government
2.3%
guarantee
2.3%
immediately
2.3%
imdependent
2.3%
privilege
2.3%
sincerely
2.3%
twelfth
2.3%
vacuum
2.3%
although
0%
appropriate
0%
beginning
0%
Words % Correct
brilliant
0%
business
0%
congratulations
0%
convenient
0%
courage
0%
extraordinary
0%
familiar
0%
fascinate
0%
forty
0%
height
0%
intelligence
0%
knowledge
0%
license
0%
lightning
0%
maintenance
0%
minimum
0%
noticeable
0%
occurrence
0%
official
0%
opposite
0%
parallel
0%
particular
0%
perserverance
0%
persuade
0%
piece
0%
recommend
0%
restaurant
0%
special
0%
succeed
0%
usage
0%

You're not logged in!

Compare scores with friends on all Sporcle quizzes.
Join for Free
OR
Log In

You Might Also Like...

Show Comments

Extras

Created Feb 19, 2010ReportNominate
Tags:frequently, misspelled

Top Quizzes Today


Score Distribution

Your Account Isn't Verified!

In order to create a playlist on Sporcle, you need to verify the email address you used during registration. Go to your Sporcle Settings to finish the process.

Report this User

Report this user for behavior that violates our Community Guidelines.

Details: